Reworded Christmas Carols Quiz Stats

 Plays Quiz Updated Sep 19, 2018

Score 0/35 Timer 08:00
0 Plays Today
Rewording Christmas Carol % Correct
Embellish the corridorsDeck the Halls
86.9%
(I'm fantasizing concerning a) Blanched yuletide(I'm Dreaming of a) White Christmas
85.4%
Quiescent nocturnal periodSilent Night
84.3%
The diminutive percussionist ladThe Little Drummer Boy
81.3%
Hey, approach all you who are steadfastO Come All Ye Faithful
79.4%
Hey, minuscule urban area of southwest JerusalemO Little Town of Bethlehem
76.8%
Us, the autocratic triumvirateWe Three Kings
73.3%
My only yuletide desire is anterior denture workAll I Want for Christmas Is My Two Front Teeth
72.9%
I apprehended my maternal parent osculating with a corpulent, unshaven male in a crimson disguiseI Caught Mommy Kissing Santa Claus
71.7%
Valentino, the roseate-proboscis caribouRudolph the Red-Nosed Reindeer
69.7%
Father Christmas approaches the metropolisSanta Claus Is Coming to Town
68.1%
Removed in a bovine feeding troughAway in a Manger
67.1%
What offspring abides thus?What Child Is This
66.4%
Ecstasy toward the orbJoy to the World
65.2%
Hush, the foretelling spirits harmonizeHark, The Herald Angels Sing
62.7%
Senior citizen broadsided by a horned mammalGrandma Got Run Over By a Reindeer
60.9%
Travel to the high place and relate itGo Tell It on the Mountain
59.1%
Group salutations for a happy noelWe Wish You a Merry Christmas
58.7%
Rewording Christmas Carol % Correct
Icy personageFrosty the Snowman
58.6%
Sterling DingersSilver Bells
57.6%
Slightly less than a fortnight of noel12 Days of Christmas
57.1%
The primary holidayThe First Noel
55.3%
Visage is starting to very much resemble yuletideIt's Beginning to Look a Lot Like Christmas
55.1%
Snowy seasons imaginary place of aweWinter Wonderland
54.6%
The thing manifested itself at the midpoint of a transparent nightIt Came Upon a Midnight Clear
51.3%
Seraphim we aurally detected in the stratosphereAngels We have Heard on High
49%
Creator take pause you cheerful sirsGod Rest Ye Merry Gentlemen
47.4%
My sight organs focused on a trio of sailing vesselsI Saw Three Ships
45.9%
Yuletide, please refrain from tardinessChristmas Don't Be Late (The Chipmunk Song)
43%
Burnett of the chimesCarol of the Bells
41.3%
My auditory nerves perceived the chimes on December 25thI Heard the Bells on Christmas Day
40.9%
Hey, hallowed post meridiemO Holy night
31%
During the time ovine caretakers supervised their chargesWhile Shepherds Watched Their Flocks
28.2%
Ancient benevolent despotGood King Wenceslas
16.4%
Create tintinnabulationsJingle Bells
13.3%

You're not logged in!

Compare scores with friends on all Sporcle quizzes.
OR
Log In

Sporcle TV

Today on Sporcle TV


Watch our educational content, quiz creation guides, and fun videos on Sporcle TV.

Show Comments

Extras

Top Quizzes Today


Score Distribution

Your Account Isn't Verified!

In order to create a playlist on Sporcle, you need to verify the email address you used during registration. Go to your Sporcle Settings to finish the process.

Report this User

Report this user for behavior that violates our Community Guidelines.

Details: